Principles of Management : Foundations & Realities. (Record no. 1892)

MARC details
005 - DATE AND TIME OF LATEST TRANSACTION
control field 20250505085846.0
082 ## - DEWEY DECIMAL CLASSIFICATION NUMBER
Classification number 658.4 AQU
100 ## - MAIN ENTRY--PERSONAL NAME
Author name AQUINAS, P. G.
245 ## - TITLE STATEMENT
Title Principles of Management : Foundations & Realities.
260 ## - PUBLICATION, DISTRIBUTION, ETC.
Place of publication, distribution, etc. India,
Name of publisher, distributor, etc. Mehra Offset Press,
Date of publication, distribution, etc. 2007.
300 ## - PHYSICAL DESCRIPTION
Extent Xv, 551p.: ill.; figure
Dimensions 21cm.
856 ## - ELECTRONIC LOCATION AND ACCESS
Link text Access Online Book
Electronic name Management
Path www.anmolpublications.com
942 ## - ADDED ENTRY ELEMENTS (KOHA)
Source of classification or shelving scheme Dewey Decimal Classification
Koha item type Books
Holdings
Date last seen Total checkouts Full call number Barcode Cost, replacement price Price effective from Koha item type Lost status Source of classification or shelving scheme Damaged status Not for loan Withdrawn status Home library Current library Shelving location Date acquired Cost, normal purchase price
05/05/2025   658.4 AQU 0000007362 75000.00 05/05/2025 Books   Dewey Decimal Classification       College of Business Education Main Library College of Business Education Main Library General Collection 10/27/2017 25000.00
06/03/2025   658.4 AQU 00000010699 75000.00 06/03/2025 Books   Dewey Decimal Classification       College of Business Education Main Library College of Business Education Main Library Special Reserve Collection 10/27/2017 25000.00